| 000 | 01532cam a2200409 a 4500 | ||
|---|---|---|---|
| 999 |
_c1648 _d1648 |
||
| 001 | 1664861 | ||
| 003 | OSt | ||
| 005 | 20230118080705.0 | ||
| 008 | 190206s2018 nyua j 000 0 eng d | ||
| 010 | _a2018289477 | ||
| 020 |
_a9781534426481 _q(hc) |
||
| 020 |
_a1534426485 _q(hc) |
||
| 020 |
_a9781534426474 _q(pbk.) : |
||
| 040 |
_aYDX _beng _cYDX _erda _dBDX _dIEB _dCCE _dUAP _dWYG _dIGA _dPRSPR _dIUK _dOCLCQ _dOCLCF _dEHH _dNZAUC _dDLC _dKH8 |
||
| 042 | _anbic | ||
| 082 | 0 | _a813.6 COV | |
| 100 | 1 |
_aCoven, Wanda. _eauthor |
|
| 245 | 1 | 0 |
_aLights! Camera! Awesome! / _cby Wanda Coven ; illustrated by Priscilla Burris. |
| 250 | _aFirst Little Simon hardcover edition. | ||
| 260 |
_aNew York : _bLittle Simon, _c2018. |
||
| 300 |
_a117 p. : _bill. ; _c20 cm. |
||
| 490 | 1 |
_aHeidi Heckelbeck ; _v25. |
|
| 500 | _aContains excerpt of the next Heidi Heckelbeck series. | ||
| 520 |
_a"Brewster Elementary School is going to have its very own weekly news program, and both Heidi and her nemesis, Melanie Maplethorpe, want to be the star of the show"-- _cadapted from cover description. |
||
| 650 | 0 |
_aWitches _vJuvenile fiction. |
|
| 650 | 0 |
_aMagic _vJuvenile fiction. |
|
| 650 | 0 |
_aFame _vJuvenile fiction. |
|
| 650 | 0 |
_aElementary schools _vJuvenile fiction. |
|
| 650 | 1 |
_aWitches _vFiction. |
|
| 650 | 1 |
_aMagic _vFiction. |
|
| 650 | 1 |
_aFame _vFiction. |
|
| 650 | 1 |
_aSchools _vFiction. |
|
| 650 | 4 |
_aFame _vJuvenile fiction. |
|
| 700 | 1 |
_aBurris, Priscilla. _eillustrator |
|
| 830 | 0 |
_aHeidi Heckelbeck ; _v25. |
|
| 942 |
_2ddc _cNFIC |
||